000 00312nam a2200157Ia 4500
100 _aLarsen/Kristine
650 _aBiography
942 _cBK
366 _f25
654 _abiography
245 _aStephen Hawking:Biography
260 _bJaico
_c2017
082 _bLAR
300 _a165
546 _aENGLISH
999 _c29248
_d29248